000 00502nam a2200181Ia 4500
005 20250508151708.0
008 008 250505s9999 xx 000 0 eng d
037 _aTextual
040 _aFEDL
_beng
_cFEDL
041 _aeng
_2eng
084 _a372.83, LIT
_qFEDL
100 _aWilliams James V
_9759762
245 0 _aOur health and safety
260 _aColumbus, USA
_bCharles E Merrill Book, Inc
_c1953
300 _a32p
942 _cTEXL
_h372.83, LIT
999 _c1331483
_d1331483